000 01117cam a22003254a 4500
001 1755
003 FISKH
005 20230928104219.0
008 030826s2003 nyua b 001 0 eng
010 _a 2003019062
020 _a0516234498
040 _aDLC
_cDLC
_dDLC
_beng
042 _apcc
_alcac
050 0 0 _aQC527.2
_b.T78 2003
082 0 0 _a537
_222
100 1 _aTrumbauer, Lisa,
_d1963-
245 1 0 _aWhat is electricity? /
_cby Lisa Trumbauer.
260 _aNew York :
_bScholastic,
_c2004.
300 _a31 pages :
_bcolor illustrations ;
_c19 cm.
440 0 _aRookie read-about science
505 _aH
520 _aA simple introduction to electricity, describing how it is produced and some of the ways we use it every day.
521 8 _a440
_bLexile
521 8 _aH
_bRaz-Plus
650 0 _aElectricity
_vJuvenile literature.
650 1 _aElectricity.
906 _a7
_bcbc
_corignew
_d1
_eecip
_f20
_gy-gencatlg
942 _2ddc
_cBK
_n0
999 _c1755
_d1755